• 首页
  • 本馆介绍
  • 公告通知
  • 最新文献
  • 馆藏检索
  • 电子资源
  • 读者导购
  • 参考咨询
  • 我的图书馆
  • 登录
  • 详细信息显示
  • 放入我的书架
  • 预约/预借图书
  • 作者相关作品
  • 分类相关作品
  • 丛书相关作品
  • 出版社相关作品

书目信息

  • 表格格式
  • 工作单格式
  • 卡片格式
题名:
鸟的饲驯与玩赏
    
 
作者: 董润民 , 于微光 编著
分册:  
出版信息: 上海   上海科学技术文献出版社  2001
页数: 390页
开本: 20cm
丛书名: 鸟类风景线丛书
单 册:
中图分类: S865.3
科图分类:
主题词: 观赏型--鸟--饲养管理 , 观赏型 , 鸟
电子资源:
ISBN: 7-5439-1675-4
000 00918oam2 2200277 450
001 1574556254
005 20150129204318.87
010    @a7-5439-1675-4@dCNY21.80
100    @a20010321d2001 em y0chiy0110 ea
101 0  @achi
102    @aCN@b310000
105    @aa z 000yy
200 1  @a鸟的饲驯与玩赏@9niao de si xun yu wan shang@f董润民,于微光编著
210    @a上海@c上海科学技术文献出版社@d2001
215    @a390页@c彩照@d20cm
225 2  @a鸟类风景线丛书
330    @a本书介绍了鸟类的一般知识、鸟类饲驯知识、鸟类调教知识,家养常见玩赏鸟39种,对每种玩赏鸟的种名、分布地区、外貌特征、生活习性、饲养管理等作了详细介绍。
461  0 @12001 @a鸟类风景线丛书
606 0  @a观赏型@x鸟@x饲养管理
606 0  @a观赏型
606 0  @a鸟
690    @aS865.3@v5
701  0 @a董润民@9dong run min@f(1929~)@4编著
701  0 @a于微光@9yu wei guang@4编著
801  0 @aCN@bTSSF@c20150129
905    @aZUCC@dS865.3@eJY62
    
    鸟的饲驯与玩赏/董润民,于微光编著.-上海:上海科学技术文献出版社,2001
    390页:彩照;20cm.-(鸟类风景线丛书)
    
    
    ISBN 7-5439-1675-4:CNY21.80
    本书介绍了鸟类的一般知识、鸟类饲驯知识、鸟类调教知识,家养常见玩赏鸟39种,对每种玩赏鸟的种名、分布地区、外貌特征、生活习性、饲养管理等作了详细介绍。
●
相关链接 在E读中查询图书 在五车中查询图书 在当当中查询图书 在豆瓣中查询图书


正题名:鸟的饲驯与玩赏     索取号:S865.3/JY62         预约/预借

序号 登录号 条形码 馆藏地/架位号 状态 备注
1 7862067   278620672   学院路分馆/ [索取号:S865.3/JY62] 在馆    
2 7862068   278620681   学院路分馆/ [索取号:S865.3/JY62] 在馆    
唐山师范学院图书馆 欢迎您!
大连网信软件有限公司© 版权所有